| 000 | 01132naa a22003137a 4500 | ||
|---|---|---|---|
| 001 | BR9102080 | ||
| 003 | BR-BrBNA | ||
| 005 | 20240918180659.0 | ||
| 007 | ta | ||
| 008 | 230509b bl.||||| |||| 00| 0 por d | ||
| 040 |
_aBR-BrBNA _bpor _cBiblioteca Nacional de Agricultura |
||
| 041 | _a(Pt) | ||
| 072 |
_aE70 _b1587 _bG514 |
||
| 090 | _aE70 BR9102080 | ||
| 100 | 1 | _aUeno, L.H. | |
| 100 | 1 | _aSilva, J.R. da | |
| 111 | 1 |
_a2. Encontro Nacional sobre a Cultura de Inhame _cDourados, MS (Brazil) _d16-17 May 1989 |
|
| 245 | 1 | _aFontes de suprimento, estacionalidade de preco e quantidade de inhame no estado de Sao Paulo | |
| 260 | 3 |
_aCampo Grande, MS (Brasil): _c1990. |
|
| 500 | _aAnais do 2. Encontro Nacional sobre a Cultura de Inhame Campo Grande, MS (Brasil): 1990. p. 97-102 (BR9102080-AM)E70 | ||
| 650 | _aINHAME | ||
| 650 | _aMERCADO ATACADISTA | ||
| 650 | _aPRECO | ||
| 650 | _aEXPORTACAO | ||
| 650 | _aSAO PAULO | ||
| 773 | 0 |
_tAnais do 2. Encontro Nacional sobre a Cultura de Inhame _wE70 BR9102080 _gCampo Grande, MS (Brasil), 1990. p. 97-102 |
|
| 909 |
_a202404 _bLucia _c55 _dLucia Elande |
||
| 942 |
_cAM _2AGRIS |
||
| 999 |
_c321652 _d321652 |
||